[Event "Yingmei Cup CHN-chT 2017"]
[Site "?"]
[Date "2017.08.21"]
[Round "15"]
[White "Wang, Jue"]
[Black "Chu, Ruotong"]
[Result "1-0"]
[WhiteElo "2335"]
[BlackElo "2270"]
[Annotator "NA"]
[PlyCount "87"]
[EventDate "2017.??.??"]
[SourceTitle "Wuxi"]
[TimeControl "5400+30"]

1. e4 e5 2. Nf3 Nf6 3. Nxe5 d6 4. Nf3 Nxe4 5. d4 d5 6. Bd3 Nc6 7. O-O Be7 8. c4
Nf6 9. h3 O-O 10. Nc3 Nb4 11. Be2 dxc4 12. Bxc4 c6 13. a3 {C42: Petroff
Defence: 3 Nxe5 and unusual White 3rd moves} (13. Re1 Nbd5 14. Bg5 Be6 15. Qb3
Qb6 16. Nxd5 cxd5 17. Qxb6 axb6 18. Bb3 Bb4 19. Bd2 Bd6 20. Ne5 Ne4 {1/2-1/2 
(75) Salem,A (2625)-Igonin,T (2474) Tashkent 2016}) 13... Nbd5 14. Re1 {
LiveBook: 8 Games} h6 (14... Be6 $5 15. Qd3 Nc7 $11) 15. Qd3 Re8 $146 ({
Predecessor:} 15... Be6 16. Bd2 Qc7 17. Ne5 Rfd8 18. Rac1 Rac8 19. Ba2 Qb8 20.
Bb1 Nxc3 21. Bxc3 {1-0 (35) Rudolph,A (2237)-Savchenko,A (2026) Solingen 2005})
16. Ne5 Bf8 17. Qg3 g6 18. Bd3 Nh5 $1 19. Qf3 Qf6 20. Qd1 Nxc3 (20... Be6 $11 {
keeps the balance.}) 21. bxc3 Nf4 22. Bxf4 Qxf4 23. Bc4 Be6 {[#]} 24. Nxg6 $1
fxg6 25. Bxe6+ Kh7 26. Qb3 Rab8 27. Bd7 Red8 $16 28. Bg4 Bd6 29. g3 Qf6 30. Re6
Qf7 31. Rae1 Kg7 32. Bd1 Rf8 33. f4 Rbe8 34. Bc2 g5 35. Rxe8 Rxe8 36. Qxf7+
Kxf7 37. Bg6+ Kxg6 38. Rxe8 Bxa3 39. Re6+ Kf5 40. Re5+ Kf6 41. Ra5 Bb2 42. Rxa7
Bxc3 43. Rxb7 Bxd4+ 44. Kg2 1-0

[Event "Yingmei Cup CHN-chT 2017"]
[Site "?"]
[Date "2017.08.21"]
[Round "15"]
[White "Liu, Shilan"]
[Black "Lagno, Kateryna"]
[Result "0-1"]
[WhiteElo "2255"]
[BlackElo "2535"]
[Annotator "TA"]
[PlyCount "78"]
[EventDate "2017.??.??"]
[SourceTitle "Wuxi"]

1. e4 d6 2. d4 Nf6 3. Nc3 g6 4. Nf3 Bg7 5. Be2 O-O 6. O-O a6 7. Bf4 {B08: Pirc
Defence: Classical System} (7. Re1 Nc6 8. d5 Na7 9. Bg5 h6 10. Be3 b5 11. a3
Bb7 12. Qd2 Kh7 13. Rad1 c6 14. Bxa7 Rxa7 15. dxc6 Bxc6 {1/2-1/2 (72) Kramnik,
V (2808)-Carlsen,M (2832) Stavanger 2017}) 7... Nc6 {LiveBook: 5 Games} 8. d5
e5 9. Be3 {The position is equal.} Ne7 10. Nd2 $146 ({Predecessor:} 10. Ne1 b5
11. a3 Bd7 12. Nd3 c6 13. dxc6 Bxc6 14. Bf3 Qc7 15. Nb4 a5 16. Nxc6 Qxc6 17.
Qd3 b4 18. axb4 axb4 19. Rxa8 Rxa8 20. Qb5 bxc3 {0-1 (20) Mora Manez,J (2036)
-Aguilar Sevilla, D (2099) Fuengirola 2009}) 10... Ne8 11. a4 f5 {And now ...
f4 would win.} 12. f3 f4 13. Bf2 g5 14. a5 h5 15. Na4 Nf6 16. h3 ({Better is} 
16. c4 $16) 16... Qe8 $11 17. c4 Qg6 {Threatening ...g4.} (17... g4 $5) 18. Ra3
g4 19. fxg4 hxg4 20. hxg4 Nxg4 $40 {Black is up to no good.} 21. Bf3 $2 (21. c5
$1 $15) 21... Qh5 (21... Kf7 $19 {and Black stays clearly on top. White must
now prevent ...Rh8.} 22. Bh4 Rh8) 22. Re1 $17 Qh2+ 23. Kf1 {[#]} Ne3+ $1 24.
Raxe3 (24. Bxe3 {keeps fighting.} fxe3 25. Raxe3) 24... fxe3 $19 25. Rxe3 Ng6
26. Bg1 Qh1 27. Qe1 Nf4 28. Qg3 {[#]} Nxg2 $1 29. Re2 $2 (29. Ke2 Nf4+ 30. Kd1)
(29. Qxg2 Bh3) 29... Nh4 30. Rf2 Nxf3 31. Nxf3 Qh5 32. Nc3 Rf4 33. Nh2 Bd7 34.
Ke1 Raf8 35. Kd2 $2 (35. Rg2 {is a better defense.} R8f7 36. Qe3) 35... Kh7 {
Hoping for ...Bh6.Black is clearly winning.} 36. Rg2 Bh6 37. Be3 Bh3 38. Rg1
Rf2+ 39. Kd3 {[#]} Rxh2 $1 {Precision: White = 52%, Black = 63%.} 0-1

[Event "Yingmei Cup CHN-chT 2017"]
[Site "?"]
[Date "2017.08.21"]
[Round "15"]
[White "Gu, Tianlu"]
[Black "Zhai, Mo"]
[Result "1-0"]
[WhiteElo "2212"]
[BlackElo "2303"]
[Annotator "NA"]
[PlyCount "79"]
[EventDate "2017.??.??"]
[SourceTitle "Wuxi"]
[TimeControl "5400+30"]

1. d4 Nf6 2. Nf3 e6 3. e3 b6 4. Bd3 Bb7 5. O-O Be7 6. c4 d5 7. b3 O-O 8. Nc3 c5
9. Bb2 cxd4 10. exd4 Nc6 11. a3 {LiveBook: 6 Games} Rc8 {[%emt 0:00:05] D40:
Queen's Gambit Declined: Semi-Tarrasch with e3} 12. Qe2 (12. Rc1 dxc4 13. bxc4
Na5 14. Nb1 Be4 15. Re1 Bxd3 16. Qxd3 Qd6 17. Nbd2 Rfd8 18. Nb3 Nxb3 19. Qxb3
Nd7 20. Red1 Nb8 21. c5 Qd5 22. Qxd5 exd5 23. cxb6 axb6 24. Rxc8 Rxc8 25. Rc1
Rxc1+ 26. Bxc1 Bb4 {1/2-1/2 (26) Ynojosa Aponte,F (2432)-Cruz,C (2547)
Brownsville 2015}) 12... Re8 $146 ({Find the theoretical novelty and annotate
with similar games:} 12... Na5 13. Nd2 Re8 14. Rad1 g6 15. b4 Nxc4 16. Nxc4
dxc4 17. Bxc4 Nd5 18. Nxd5 Bxd5 19. Bb5 {0-1 (59) Starcic,T (2215)-Susnik,M 
(2227) Bled 2000}) 13. cxd5 Nxd5 14. Qe4 {[#]} Nf6 $1 15. Qe3 Na5 16. Nd2 g6
17. b4 {[#]} Nc6 ({Much weaker is} 17... Nd5 18. Nxd5 exd5 19. bxa5 $11) ({
Black should play} 17... Rxc3 $1 $17 18. Bxc3 Nd5) 18. Nf3 Bf8 19. Rfd1 Bg7 20.
Rac1 Ng4 21. Qe2 ({White should try} 21. Qf4 $11 f5 22. Nb5) 21... Nf6 22. Qe3
Ne7 23. Ne5 Nfd5 24. Nxd5 Qxd5 ({Much weaker is} 24... Nxd5 $6 25. Rxc8 Qxc8
26. Qg3 $11) 25. f3 Qb3 26. Qe2 Bh6 27. Rb1 Nd5 28. Ba1 $1 Qxa3 29. Nc4 Qa4 30.
Nd6 Nf4 31. Qf1 Bc6 32. Nxc8 Rxc8 33. d5 Bxd5 $11 ({But not} 33... Nxd3 $2 34.
Qxd3 e5 35. dxc6 $18) 34. Bb5 Qc2 35. Rb2 Qc3 36. Kh1 Bg5 37. Rbb1 Qa3 38. Rdc1
Rf8 39. Rc3 Qa2 40. Rb2 1-0

[Event "Yingmei Cup CHN-chT 2017"]
[Site "?"]
[Date "2017.08.21"]
[Round "15"]
[White "Peng, Hongchi"]
[Black "Gao, Rui"]
[Result "0-1"]
[WhiteElo "2210"]
[BlackElo "2543"]
[Annotator "TA"]
[PlyCount "136"]
[EventDate "2017.??.??"]
[SourceTitle "Wuxi"]

1. e4 e5 2. Nf3 Nc6 3. Bb5 a6 4. Ba4 Nf6 5. O-O Nxe4 6. d4 b5 7. Bb3 d5 8. Nxe5
Nxe5 9. dxe5 c6 {LiveBook: 28 Games} 10. Nd2 {[%emt 0:00:09] C80: Open Ruy
Lopez: Sidelines and Nbd2} Nxd2 11. Bxd2 Be7 12. c3 {The position is equal.} (
12. a4 $5 b4 13. a5 $11) (12. Qh5 Be6 13. c3 Qd7 14. Bg5 Bf5 15. Rfe1 Bg6 16.
Qh4 Bxg5 17. Qxg5 O-O {1/2-1/2 (28) Short,N (2655)-Timman,J (2635) El Escorial
1993}) 12... Bf5 13. Bc2 Qd7 14. Qb1 Bxc2 15. Qxc2 O-O 16. Rae1 $146 ({
Predecessor:} 16. Qd3 f6 17. exf6 Bxf6 18. Be3 Rfe8 19. Rfe1 Re4 20. Bd2 {
1/2-1/2 (20) Nacht,E-Botez,C Bucharest 1965}) 16... Rae8 17. Kh1 Bd8 18. Re3 f6
19. exf6 Bxf6 20. Qd3 Rxe3 21. Bxe3 Re8 22. h3 Qe6 23. a4 Qe4 $36 {Black is
more active.} 24. Qxe4 Rxe4 25. axb5 axb5 $11 {Endgame KRB-KRB} 26. Ra1 Kf7 27.
Rc1 Ke6 28. Kg1 Ra4 29. Bc5 (29. g4 $15) 29... Rc4 $1 $17 30. Be3 (30. Re1+ $17
{was necessary.} Kd7 31. Bf8) 30... Kd6 (30... b4 $19 {has better winning
chances. White must now prevent ...d4.} 31. Bd2 bxc3 32. bxc3 Ra4) 31. Kf1 Ra4
32. Ke2 {[#]} c5 $1 33. Rc2 (33. Kd2 $142) 33... Ra1 34. g4 g6 35. Rc1 {[#]} (
35. Bf4+ $17 {keeps fighting.} Kc6 36. Kf3) 35... Ra2 $1 $19 36. Rc2 c4 37. f4
{[#]} (37. h4 $142) 37... b4 $1 {Threatens to win with ...bxc3.} 38. cxb4 $2 (
38. Kd1 {was worth a try.}) 38... Rxb2 $2 (38... c3 $19 {is more deadly.} 39.
Bc1 cxb2 40. Bxb2 Rxb2 41. Rxb2 Bxb2) 39. Bc5+ Kc6 40. Rxb2 Bxb2 $17 {KB-KB}
41. f5 d4 {And now ...gxf5 would win.} 42. Be7 (42. Kd2 $17 gxf5 43. gxf5)
42... d3+ 43. Kd2 Kd5 44. f6 $2 (44. b5 $17) 44... Ke4 $19 {Black is clearly
winning.} ({Inferior is} 44... Ke6 45. g5 $11) 45. f7 c3+ 46. Ke1 c2 (46... d2+
$142 47. Kf2 c2) 47. Bg5 Bc3+ 48. Kf2 Bxb4 49. Bd2 Bxd2 50. f8=Q Be3+ (50...
c1=Q $142 51. Qe8+ Kd5 52. Qf7+ Kc6 53. Qe6+ Kc7 54. Qe7+ Kb6 55. Qd8+ Qc7 56.
Qxd3 Bb4) 51. Kg2 (51. Kg3 $142 c1=Q 52. Qe8+ Kd5 53. Qd7+ Kc5 54. Qe7+ Kb6 55.
Qd6+ Kb7 56. Qxd3) 51... c1=Q 52. Qe7+ Kd5 53. Qd7+ Kc4 54. Qa4+ Kc3 55. Kf3
Qf1+ 56. Kxe3 Qxh3+ {KQ-KQ} 57. Kf2 Qh2+ 58. Kf3 Qe2+ 59. Kg3 Qe5+ 60. Kf3 Qd5+
61. Ke3 Qe6+ 62. Kf2 Qb6+ 63. Kf3 d2 64. Qa1+ Kc2 65. Ke2 Qe6+ 66. Kf2 d1=Q {
( -> ...Qee1+)} 67. Qa4+ Qb3 68. Qc6+ Kb1 {Precision: White = 28%, Black = 67%.
} 0-1

[Event "Yingmei Cup CHN-chT 2017"]
[Site "?"]
[Date "2017.08.21"]
[Round "15"]
[White "Sun, Fanghui"]
[Black "Qiu, Mengjie"]
[Result "1-0"]
[WhiteElo "2059"]
[BlackElo "2225"]
[Annotator "TA"]
[PlyCount "60"]
[EventDate "2017.??.??"]
[SourceTitle "Wuxi"]

1. e4 c6 2. Nf3 d5 3. Nc3 Nf6 4. e5 Ne4 5. d4 Nxc3 6. bxc3 {B11: Caro-Kann:
Two Knights Variation} c5 (6... e6 7. Bd3 c5 8. O-O Nc6 9. a4 c4 10. Be2 Bd7
11. Ng5 Be7 12. Nh3 Qa5 13. Qd2 {1-0 (54) Karjakin,S (2774)-Arutinian,D (2527)
Almaty 2016}) 7. c4 Nc6 {LiveBook: 3 Games} 8. Be2 cxd4 9. O-O $146 ({
Predecessor:} 9. Nxd4 e6 10. O-O Be7 11. cxd5 exd5 12. Nxc6 bxc6 13. c4 {
1/2-1/2 (21) Ziska,H (2544) -Rasmussen,A (2540) Vaxjo 2017}) 9... dxc4 10. Bxc4
e6 11. Bg5 Be7 12. Bxe7 Qxe7 13. Nxd4 Nxe5 14. Bb5+ Bd7 15. Re1 Bxb5 16. Rxe5 {
[#]} Bc6 $1 17. Nf5 Qf6 18. Qd6 g6 (18... Rd8 $15 19. Qb4 a5) 19. Rae1 $1 $36 {
The position is equal. White has some pressure.} gxf5 {[#]} 20. Rxe6+ $1 fxe6
21. Rxe6+ {[#]} Qxe6 $1 22. Qxe6+ Kd8 {White must now prevent ...Re8.} 23. Qf6+
Kc7 24. Qe5+ Kb6 {Strongly threatening ...Rad8.} 25. Qb2+ Kc5 26. Qc3+ Kd5 {
And now ...Rad8 would win.} 27. Qd2+ Ke6 {aiming for ...Rad8.} 28. Qh6+ Kd5 29.
Qd2+ Ke6 {...Rad8 is the strong threat.} 30. Qh6+ Kd5 {Precision: White = 76%,
Black = 63%. . Sensor Board Error (Ke4/e5)?} 1-0

[Event "Yingmei Cup CHN-chT 2017"]
[Site "?"]
[Date "2017.08.21"]
[Round "15"]
[White "Jiang, Zhaoyi"]
[Black "Stefanova, Antoaneta"]
[Result "0-1"]
[WhiteElo "2056"]
[BlackElo "2510"]
[Annotator "TA"]
[PlyCount "72"]
[EventDate "2017.??.??"]
[SourceTitle "Wuxi"]

1. d4 g6 2. c4 Bg7 3. Nf3 d6 4. e4 Bg4 5. Be2 Nc6 6. Nbd2 Nf6 7. d5 {A41:1 d4
d6: Tartakower System and Modern Defence} Nb8 8. Qc2 {LiveBook: 3 Games} c6
$146 ({Predecessor:} 8... Na6 9. h3 Bd7 10. Nb1 c6 11. Nc3 cxd5 12. exd5 O-O
13. Be3 Nc5 14. Nd4 e5 {1-0 (31) Gelfand,B (2721)-Stefanova,A (2512) Caleta
2017}) 9. h3 {The position is equal.} Bxf3 10. Nxf3 Qc7 11. Bd3 Na6 12. Bd2 Nc5
13. O-O a5 14. Bc3 O-O 15. Rfe1 Rfc8 16. dxc6 Qxc6 17. Nd4 Qd7 18. Nb5 e5 19.
b3 Qc6 20. Rad1 a4 21. Bb4 Bf8 22. Bxc5 axb3 23. axb3 Qxc5 24. Qb2 Qb4 25. Ra1
Ra6 26. Qc3 (26. Rab1 {is interesting.} Be7 27. Qe2 Kg7 28. Red1 h5 29. Qf3)
26... d5 27. Qxe5 (27. exd5 $11 {keeps the balance.} Nxd5 28. Qxb4 Nxb4 29. Be4
) 27... Qxb3 $17 28. Rxa6 (28. Bf1 $17 {might work better.} Rxa1 29. Qxa1 dxc4
30. Na7) 28... bxa6 $19 29. Qxf6 axb5 ({Don't play} 29... Qxd3 30. Nc3 $17) 30.
Re3 $2 {[#]} (30. Bf1 dxc4 31. e5) 30... dxc4 31. Be2 c3 32. Bg4 Bg7 33. Qe7
Rf8 {[#] Threatens to win with ...Qb1+.} 34. Kh2 Qc4 35. e5 c2 36. e6 Qf4+ {
Precision: White = 23%, Black = 71%.} 0-1

[Event "Yingmei Cup CHN-chT 2017"]
[Site "?"]
[Date "2017.08.21"]
[Round "15"]
[White "Hong, Xing"]
[Black "Ding, Yixin"]
[Result "0-1"]
[WhiteElo "1982"]
[BlackElo "2420"]
[Annotator "TA"]
[PlyCount "81"]
[EventDate "2017.??.??"]
[SourceTitle "Wuxi"]

1. e4 g6 2. d4 Bg7 3. Nc3 c6 4. Bc4 b5 5. Bb3 b4 6. Nce2 d6 {LiveBook: 7 Games.
B06: Modern Defence} (6... Nf6 7. e5 Nd5 8. Nf4 {1/2-1/2 (8) Armbrust,F (2318)
-Vokac,M (2412) Pardubice 2017}) 7. Bg5 Nf6 8. f3 Nbd7 $146 {The position is
equal.} ({Predecessor:} 8... a5 9. a3 Na6 10. Qd2 Bd7 11. Bh6 O-O 12. e5 Nd5
13. Bxd5 cxd5 {1-0 (39) Kormos,A (2176)-Szabo,J (2192) Hungary 2009}) 9. Qd2 (
9. a3 $14) 9... a5 $11 10. c3 a4 11. Bd1 bxc3 12. Qxc3 (12. Nxc3 $11 a3 13.
Nge2) 12... c5 $17 13. Be3 O-O 14. Nh3 Ba6 15. Kf2 (15. Rc1 $17) 15... Rc8 16.
Qd2 cxd4 17. Bxd4 Ne5 18. Bxe5 dxe5 19. Qxd8 Rfxd8 20. Bxa4 Rd2 21. Rhe1 Rxb2
22. Bb3 {[#]} (22. Nhg1 $142) 22... Rd8 $1 $19 23. Rab1 {[#]} Rdd2 $1 24. Rxb2
Rxb2 25. Nhg1 Bh6 26. Rd1 {If only White now had time for Rd8+....} Bd2 27. h4
Nh5 28. g3 Ba5 29. f4 exf4 30. Kf3 fxg3 31. Nxg3 Nxg3 32. Kxg3 Bc7+ 33. Kf3 Rh2
34. Rc1 Bd6 35. Ke3 Rxh4 36. Kd4 Rf4 37. Nh3 $2 (37. Ke3) 37... Rf3 {Black is
clearly winning.} 38. e5 Ba3 39. Rh1 Rd3+ 40. Ke4 {[#]} Rxb3 $1 41. Kd4 {
Precision: White = 29%, Black = 76%.} (41. axb3 Bb7+) 0-1

[Event "Yingmei Cup CHN-chT 2017"]
[Site "?"]
[Date "2017.11.02"]
[Round "16"]
[White "Yu, Yangyi"]
[Black "Lin, Chen"]
[Result "1-0"]
[WhiteElo "2743"]
[BlackElo "2477"]
[Annotator "TA"]
[PlyCount "49"]
[EventDate "2017.??.??"]
[SourceTitle "Tianjin"]

1. d4 d5 2. c4 c6 3. Nf3 Nf6 4. Nc3 a6 5. c5 Bf5 6. Qb3 Qc8 {D15: Damengambit 
(Slawische Verteidigung)} 7. Nh4 {LiveBook: 9 Partien} e6 $146 (7... Be6 8. e3
g5 9. Nf3 h6 10. Ne5 Nbd7 11. f4 Bf5 12. Bd3 Bxd3 13. Nxd3 e6 14. O-O {1-0 (37)
Yu,Y (2738)-Lin,C (2526) China 2016}) ({Vorgänger:} 7... Bg6 8. Na4 Nbd7 9.
Bf4 e6 10. f3 Be7 11. g4 Bd8 12. O-O-O Bc7 13. Bg3 O-O 14. e3 {1-0 (38) Wang,Y
(2729)-Bu,X (2710) Shenzhen 2015}) 8. Nxf5 exf5 {Weiß steht besser.} 9. h3 Be7
10. g4 fxg4 (10... Ne4 $16) 11. hxg4 $18 Nxg4 12. f3 Nf6 {[#]} 13. Bf4 $1 {
Weiss hat starke Kompensation.} Bd8 (13... Nbd7 $142) 14. Bh3 Nbd7 15. e4 Bc7
16. e5 Qb8 17. O-O-O ({Bloß nicht} 17. exf6 $6 Bxf4 18. fxg7 Rg8 $18) 17...
Nf8 $2 (17... Nxc5 18. dxc5 O-O) 18. exf6 {Weiß steht klar auf Gewinn.} Bxf4+
19. Kb1 Ne6 {[#]} 20. Nxd5 $1 cxd5 21. Qxd5 Qc7 22. Rde1 {Droht Matt per fxg7.}
O-O {Weiss muss nun ...Tad8 beachten.} 23. Bxe6 {Droht Dh5 und aus.} fxe6 24.
Rxe6 {jetzt Te7+ und aus.} Rad8 25. Qb3 {Precision: Weiß = 90%, Schwarz = 37%.
} ({Nicht} 25. Rd6+ Kh8 $18) 1-0

[Event "Yingmei Cup CHN-chT 2017"]
[Site "?"]
[Date "2017.11.02"]
[Round "16"]
[White "Li, Chao b"]
[Black "Wei, Yi"]
[Result "1/2-1/2"]
[WhiteElo "2739"]
[BlackElo "2740"]
[Annotator "TA"]
[PlyCount "52"]
[EventDate "2017.??.??"]
[SourceTitle "Tianjin"]

1. e4 e5 2. Nf3 Nf6 3. Nxe5 d6 4. Nf3 Nxe4 5. Nc3 Nxc3 6. dxc3 Nc6 7. Be3 Be7
8. Qd2 Be6 9. O-O-O {C42: Petroff Defence: 3 Nxe5 and unusual White 3rd moves}
Qd7 ({Don't go for} 9... Bxa2 $2 10. b3 $18) 10. Kb1 Bf6 11. h4 O-O-O 12. Nd4
Bxd4 13. cxd4 {[#] Strongly threatening d5.} d5 {[#]} 14. f3 $146 ({
Predecessor:} 14. h5 h6 15. f3 Bf5 16. g4 Bh7 {1/2-1/2 (31) Zhigalko,S (2655)
-Shirov,A (2676) Al Ain 2015}) 14... h5 15. Bd3 f6 16. Bf2 Bf5 17. Rhe1 Rde8
18. a3 a6 19. Bf1 Rxe1 20. Rxe1 Re8 21. Rxe8+ Qxe8 22. Qf4 Qe6 23. Qe3 Qf7 24.
Qf4 Qe6 25. Qe3 Qf7 26. Qf4 Qe6 {Precision: White = 37%, Black = 54%.} 1/2-1/2

[Event "Yingmei Cup CHN-chT 2017"]
[Site "?"]
[Date "2017.11.02"]
[Round "16"]
[White "Ivanchuk, Vassily"]
[Black "Lu, Shanglei"]
[Result "1/2-1/2"]
[WhiteElo "2732"]
[BlackElo "2640"]
[Annotator "TA"]
[PlyCount "41"]
[EventDate "2017.??.??"]
[SourceTitle "Tianjin"]

1. d4 d5 2. c4 e6 3. Nf3 Nf6 4. Bg5 c6 5. e3 h6 6. Bxf6 {D30: Queen's Gambit
Declined: Systems without Nc3} Qxf6 7. Nbd2 {LiveBook: 14 Games} g6 8. Bd3 {
White has an edge.} Bg7 {The position is equal.} 9. O-O O-O 10. cxd5 $146 ({
Predecessor:} 10. Rc1 Nd7 11. Re1 Qd8 12. Qb3 a5 13. e4 a4 14. Qa3 dxe4 15.
Nxe4 {1-0 (64) Rapport,R (2675)-Wei,Y (2753) Tbilisi 2017}) 10... exd5 11. b4
Qe7 12. Rb1 Be6 13. Nb3 b6 14. Qd2 Nd7 15. Rfc1 Rfc8 16. h3 Rab8 17. Ba6 Rc7
18. Bd3 Rcc8 19. Ba6 Rc7 20. Bd3 Rcc8 21. Ba6 {Precision: White = 70%, Black =
78%.} 1/2-1/2

[Event "Yingmei Cup CHN-chT 2017"]
[Site "?"]
[Date "2017.11.02"]
[Round "16"]
[White "Vidit, Santosh Gujrathi"]
[Black "Peng, Xiongjian"]
[Result "1-0"]
[WhiteElo "2713"]
[BlackElo "2412"]
[Annotator "TA"]
[PlyCount "101"]
[EventDate "2017.??.??"]
[SourceTitle "Tianjin"]

1. Nf3 d5 2. g3 Nf6 3. Bg2 c6 4. O-O g6 5. d3 Bg7 6. Nbd2 O-O 7. e4 dxe4 8.
dxe4 Na6 9. Qe2 {LiveBook: 31 Partien} Nd7 {A07: Barcza-System 
(Königsfianchetto mit möglichen Übergängen in andere Systeme)} 10. e5 $146
({Vorgänger:} 10. Rd1 Qc7 11. a4 Nac5 12. a5 b5 13. axb6 Nxb6 14. Qe3 Ne6 15.
Nb3 c5 16. c3 Bd7 17. Na5 {0-1 (37) Kratochvil,J (2243)-Biolek,R (2447) Czech
Republic 2015}) 10... Ndc5 11. a3 Bf5 {Weiß hat minimalen Vorteil.} 12. b4 Na4
13. Nb3 Qd5 {[#]} (13... Qd7 $11) 14. Re1 $1 $16 Qd7 15. Nfd4 Nc7 16. Nxf5 Qxf5
17. f4 Rfd8 18. Be3 Nb5 19. Qf2 f6 (19... Nbc3 $16) 20. c4 $18 Nbc3 21. Nd4 (
21. Bxa7 $6 fxe5 22. fxe5 Qe6 $14) 21... Qd7 22. e6 Qc7 23. f5 Qe5 24. fxg6
hxg6 25. Nb3 (25. Nf3 $16 Qf5 26. Bxa7) 25... Qh5 (25... Qxe6 $11 {bleibt in
der Remisbreite.} 26. Bb6 Qf7 27. Bxd8 Rxd8) 26. Bf3 $36 {Schwarz muss
aufpassen.} (26. Bxa7 $6 f5 $11) 26... Qf5 (26... Qh8 $16 {ist eine bessere
Verteidigung.}) 27. Na5 $18 Rd3 28. Nxb7 Qxe6 29. Na5 (29. Bc5 $18 Qxc4 30. Na5
(30. Bxe7 f5 $16) (30. Rxe7 Nd5 $11) 30... Rxf3 31. Qxf3 (31. Nxc4 Rxf2 32.
Bxf2 f5 $16)) 29... Rc8 $16 30. Bc5 (30. Bxa7 $6 Qd7 $14) 30... Qf5 31. Nxc6
Rxf3 (31... Bf8 $16 32. Be3 e5) 32. Nxe7+ $18 Kh7 33. Nxf5 (33. Qg2 $142 Qg4
34. Nxc8) 33... Rxf2 34. Bxf2 ({Auf keinen Fall} 34. Kxf2 $6 Nxc5 35. Nxg7 (35.
bxc5 gxf5 36. Re7 a6 $11) 35... Nd3+ 36. Ke3 Nxe1 $14) 34... gxf5 35. c5 ({
Keinesfalls} 35. Bxa7 Rxc4 36. Be3 Re4 $16) 35... Bf8 (35... a5 $142 36. Re7 (
36. bxa5 Nxc5 37. Bxc5 Rxc5 $14) 36... Kg6) 36. Re6 Kg6 37. Ra6 Rc7 $2 {[#]} (
37... Rd8 {war nötig.} 38. Rxa7 Nb2) 38. Re1 Be7 39. c6 Nb6 (39... Bd6 {
war einen Versuch wert.} 40. Bxa7 Rc8) 40. Bxb6 axb6 41. Rxb6 Bd6 42. Ra6 Kf7
43. Kg2 Be5 44. a4 {Weiß steht klar auf Gewinn.} Ke6 45. b5 Kd5 46. Ra8 Kc5
47. Rf1 Kb4 (47... Re7 $142 48. Rxf5 Nd5) 48. b6 Rxc6 49. a5 Ne4 50. b7 Rc2+
51. Kg1 {Precision: Weiß = 64%, Schwarz = 31%.} 1-0

[Event "Yingmei Cup CHN-chT 2017"]
[Site "?"]
[Date "2017.11.02"]
[Round "16"]
[White "Jakovenko, Dmitry"]
[Black "Wen, Yang"]
[Result "1/2-1/2"]
[WhiteElo "2710"]
[BlackElo "2600"]
[Annotator "TA"]
[PlyCount "165"]
[EventDate "2017.??.??"]
[SourceTitle "Tianjin"]

1. e4 e5 2. Nf3 Nc6 3. Bc4 Nf6 4. d3 Bc5 5. O-O O-O 6. Nbd2 d6 7. c3 a5 {
[%emt 0:00:05] C4: Giuoco Piano: 4 c3 Nf6, main lines with 5 d4 and 5 d3} 8.
Re1 Be6 9. Bb5 Qb8 10. Nf1 Qa7 11. Be3 Bxe3 12. Nxe3 Ne7 13. Ba4 $146 ({
Predecessor:} 13. a4 Ng6 14. Bc4 Bxc4 15. Nxc4 {1/2-1/2 (47) So,W (2810)-Ding,
L (2777) Tbilisi 2017}) 13... Ng6 14. Bc2 Qb6 15. Qd2 Qxb2 16. Reb1 Qa3 17. d4
(17. Rxb7 {with more complications.} Rfb8 18. Rxc7 Qb2 19. Rb1 Qxb1+ 20. Bxb1
Rxb1+ 21. Nd1) 17... d5 18. exd5 Nxd5 19. Bxg6 hxg6 20. Nxd5 Bxd5 21. Nxe5 Qd6
22. c4 Be6 23. Qc3 Rad8 24. d5 Bc8 25. Re1 Rfe8 26. Rad1 Qf6 27. Re3 (27. c5
$14) 27... Re7 $1 $11 28. Rde1 Rde8 29. c5 b6 30. cxb6 Qxb6 31. Nc4 Rxe3 32.
Nxe3 Bb7 33. Rc1 Re7 34. h3 a4 35. a3 Rd7 (35... Qd6 $14) 36. Qe5 $16 Kf8 37.
Qe4 Re7 38. Qh4 (38. Qf4 $16) 38... f6 {[#]} ({But not} 38... Rxe3 $6 39. fxe3
Qxe3+ 40. Kh2 $16) (38... f5 $1 $14) 39. Rc4 ({White should play} 39. Nc4 $1
$16 Qb5 40. d6) 39... Qd6 $14 40. Rxa4 Bxd5 41. Rd4 c6 42. a4 (42. Qh8+ $16 Kf7
43. Rb4) 42... Rb7 43. Rd1 Kf7 44. Qd4 Rb4 $132 {Black is not keeping still}
45. Qa7+ Kg8 46. a5 Kh7 47. a6 Ra4 48. Qb7 Qa3 (48... Rb4 $11 {keeps the
balance.} 49. Qc8 Ra4) 49. Ng4 $16 f5 (49... Qf8 $16 {is a better defense.})
50. Nf6+ $1 $18 Kh6 51. Ne8 $2 (51. Nxd5 $18 cxd5 52. Qxd5) 51... Qc3 $1 $11 {
Black wants to play ...Ra1.The position is equal.} 52. Qe7 {Black must now
prevent a7.} Re4 53. Qf8 Re1+ 54. Rxe1 Qxe1+ 55. Kh2 Qxf2 56. Qxg7+ Kg5 $1 ({
Wrong is} 56... Kh5 $2 57. Nf6+ Kg5 58. Nxd5 $18) 57. Qf6+ Kh6 58. Qh8+ Kg5 59.
Qf6+ Kh6 60. Qh8+ Kg5 {[#]} 61. h4+ $1 Kf4 (61... Qxh4+ 62. Qxh4+) 62. Qh6+ Ke5
63. Qg7+ Kf4 64. Qh6+ Ke5 65. Qg7+ Kf4 66. Qc7+ Ke3 $1 67. Qb6+ Ke2 68. Qb2+
Ke1 69. Qc1+ Ke2 70. Qc2+ Ke1 71. Qc1+ Ke2 72. Qc2+ Ke1 73. Qxf2+ Kxf2 {
Endgame KB-KN} 74. Nc7 Bxg2 {...c5 is the strong threat.} 75. Ne6 ({Don't
blunder} 75. a7 $2 c5 $19) 75... c5 $1 76. Nxc5 {And now Nd3+ would win.} Bd5
77. Nd3+ Ke3 78. Ne5 f4 79. Nxg6 f3 {( -> ...f2)} 80. Ne5 Kf4 $1 81. Nd3+ Ke3
82. Ne5 $1 Kf4 $1 83. Nd3+ {Precision: White = 55%, Black = 58%.} 1/2-1/2

[Event "Yingmei Cup CHN-chT 2017"]
[Site "?"]
[Date "2017.11.02"]
[Round "16"]
[White "Wang, Hao"]
[Black "Ding, Liren"]
[Result "1/2-1/2"]
[WhiteElo "2706"]
[BlackElo "2772"]
[Annotator "TA"]
[PlyCount "63"]
[EventDate "2017.??.??"]
[SourceTitle "Tianjin"]

1. d4 Nf6 2. c4 e6 3. Nf3 d5 4. Nc3 c6 5. e3 Nbd7 6. Qc2 Bd6 7. Bd3 O-O 8. O-O
e5 9. cxd5 cxd5 10. e4 exd4 11. Nxd5 Nxd5 12. exd5 h6 13. Nxd4 Qh4 {D46:
Semi-Slav: 5 e3 Nbd7 6 Bd3, Black avoids the Meran} 14. Nf3 Qh5 15. Bh7+ Kh8
16. Qf5 Qxf5 17. Bxf5 Nf6 {[#] LiveBook: 36 Games} 18. Bd3 $146 ({Predecessor:
} 18. Bc2 b6 19. Rd1 Bb7 20. Bb3 Rad8 21. Be3 {1/2-1/2 (41) Mamedyarov,S (2772)
-Topalov,V (2741) Shamkir 2017}) 18... Bg4 19. Rd1 Rac8 20. h3 Bxf3 21. gxf3
Rfd8 22. Be3 b6 23. Bf5 Rc4 24. Rac1 (24. b3 {is more complex.} Rh4 25. a4 Rb4
26. a5 Rxb3 27. axb6 axb6 28. Rac1) 24... Rxc1 25. Bxc1 Be5 26. Be4 Kg8 27. b3
Kf8 28. a4 Bd6 29. Kf1 Rc8 30. Bd2 Nh5 31. Ke2 Ke7 32. Rg1 {Precision: White =
67%, Black = 76%.} 1/2-1/2